000
00314nam a2200121Ia 4500
008
220204s9999 xx 000 0 und d
082
_a
631.535:632.982.2
_b
ROW
100
_a
ROWE-DUTTON, Patricia
245
0
_a
Mist propagation of cuttings.
260
_a
U K
_b
CAB
_c
1959
650
_a
Mist propagation
942
_c
BK
999
_c
19664
_d
19664